LEADER 03294nam 2200661 450 001 9910808331003321 005 20230126213244.0 010 $a1-315-57423-3 010 $a1-317-15964-0 010 $a1-317-15963-2 010 $a1-4724-2005-5 035 $a(CKB)3710000000186235 035 $a(EBL)1734073 035 $a(SSID)ssj0001261645 035 $a(PQKBManifestationID)11732590 035 $a(PQKBTitleCode)TC0001261645 035 $a(PQKBWorkID)11205546 035 $a(PQKB)10632200 035 $a(MiAaPQ)EBC1734073 035 $a(EXLCZ)993710000000186235 100 $a20140722h20142014 uy 0 101 0 $aeng 135 $aur|n|---||||| 181 $ctxt 182 $cc 183 $acr 200 10$aCoping with crisis $ethe resilience and vulnerability of pre-industrial settlements /$fDaniel R. Curtis 210 1$aSurrey, England ;$aBurlington, Vermont :$cAshgate,$d2014. 210 4$dİ2014 215 $a1 online resource (404 p.) 225 1 $aRural Worlds: Economic, Social and Cultural Histories of Agricultures and Rural Societies 300 $aDescription based upon print version of record. 311 $a1-322-43265-1 311 $a1-4724-2004-7 320 $aIncludes bibliographical references and index. 327 $aCover; Contents; List of Figures; List of Tables; Preface; Abbreviations and Contractions; Measurements; 1 Defining Settlement 'Resilience' and 'Vulnerability' and Introducing the Historiography; 2 The Theoretical Framework; 3 Parasite or Stimulant?; 4 Settlement Decline before the Black Death?; 5 Village Communities and Commercialisation; 6 A North Sea Coastal Area Under Pressure of Land Consolidation; 7 Exploring Long-Term Inequality and Agro-Towns in the Kingdom of Naples, 1600-1900; 8 Conclusion; Bibliography; Index 330 $aAll pre-industrial societies had to face certain challenges: earthquakes, plague, warfare, soil erosion and subsistence crises. However, while some settlements were stable over the long term, other settlements proved more vulnerable to crisis. This book has been stimulated by the hypotheses put forward by a recent 'disaster studies' literature, which suggests that vulnerability of habitation is less to do with the crises themselves, but on endogenous societal responses. By testing the explanatory framework on several societies between the Middle Ages and nineteenth-century Europe, it is argued 410 0$aRural Worlds: Economic, Social and Cultural Histories of Agricultures and Rural Societies 606 $aCrisis management$zEurope$xHistory 606 $aOrganizational resilience$zEurope$xHistory 606 $aDisasters$xSocial aspects$zEurope$xHistory 606 $aCommunities$zEurope$xHistory 607 $aEurope$xRural conditions$xHistory 615 0$aCrisis management$xHistory. 615 0$aOrganizational resilience$xHistory. 615 0$aDisasters$xSocial aspects$xHistory. 615 0$aCommunities$xHistory. 676 $a307.7209 676 $a307.72094/0902 676 $a307.720940902 700 $aCurtis$b Daniel R.$0740096 801 0$bMiAaPQ 801 1$bMiAaPQ 801 2$bMiAaPQ 906 $aBOOK 912 $a9910808331003321 996 $aCoping with crisis$91466877 997 $aUNINA